02235nab a22002897a 4500003000400000005001700004008004100021040000700062100002800069245013000097260007300227300001300300500004400313505109600357505009001453650002401543650002501567650003001592650002601622650001801648650002901666650002501695650004301720650001901763650002201782773014101804OSt20250311133436.0190604e xxu||||| |||| 00| 0 spa d cPJ aMoltrassio, Sebastián10aLey de Bases y capítulo laboral : botra reforma regresiva. Alternativas al empleo sin registrar /cSebastián Moltrassio. aCiudad Autónoma de Buenos Aires :bThomson Reuters La Ley, c2024. ap. 37-74 aCita Online: TR LALEY AR/DOC/1951/2024. aSumario: I. Introducción. El gobierno actual va en sentido contrario al mundo.— II. Análisis del contexto laboral argentino.— III. Texto de la ley 27.742. Capítulo laboral. Principales modificaciones.— IV. Opiniones y críticas a la ley en el capítulo laboral.— V. Breve historia constitucional. El Constitucionalismo social.— VI. Normas constitucionales, de derechos humanos de rango constitucional nacional y provincial y normas de OIT. Colisión con la reforma laboral.— VII. La progresividad de las leyes en la Constitución Nacional.— VIII. El principio de progresividad en los tratados internacionales de Derechos Humanos con rango constitucional.— IX. Convenios de OIT.— X. El principio de progresividad según la Corte Suprema de Justicia.— XI. Violación al principio de progresividad de las leyes.— XII. Análisis de los artículos con la LCT, DNU 70/2023 y ley 27.742.— XIII. Fondo de cese laboral.— XIV. La incorporación del Trabajador Independiente.— XV. La eliminación de las multas por empleo sin registrar.— XVI. Conclusiones. t¿Te interesa el texto completo? Solicitalo al correo: koha@justierradelfuego.gov.ar  0aCONTRATO DE TRABAJO 0aRELACIONES LABORALES 0aRELACIÓN DE DEPENDENCIA 0aCONSTITUCION NACIONAL 0aINDEMNIZACION 0aCODIGO CIVIL Y COMERCIAL 0aEMPLEO NO REGISTRADO 0aORGANIZACION INTERNACIONAL DEL TRABAJO 0aDISCRIMINACION 0aDERECHO COMPARADO0 02714dCiudad Autónoma de Buenos Aires : Thomson Reuters La Ley, 2014-tRevista anales de legislación argentina. Nº 8 - Agosto 2024.